| 000 | 00000nam 2200000za 4500 |
| 001 | 9.700421 |
| 003 | CaOODSP |
| 005 | 20250506145324 |
| 007 | cr ||||||||||| |
| 008 | 150407|1961||||xxc|||||o f|0| 0 eng d |
| 040 | |aCaOODSP|beng |
| 043 | |an-cn--- |
| 086 | 1 |aA15-1208/1961E-PDF |
| 110 | 1 |aCanada.|bAgriculture Canada. |
| 245 | 10|aFallout on the farm |h[electronic resource] |
| 260 | |aOttawa - Ontario : |bAgriculture Canada |c1961. |
| 300 | |a36p.|billus. |
| 500 | |aHistorical publication digitized by Agriculture and Agri-Food Canada. Blueprint for Survival No. 3. Prepared ... at the request of Emergency Measures Organization. |
| 590 | |a15-03-Supp|b2015-03-13 |
| 690 | 07|aPlants|2gcpds |
| 690 | 07|aWild plants|2gcpds |
| 775 | 08|tRetombées radioactives sur la ferme |w(CaOODSP)9.644307 |
| 856 | 40|ahttp://publications.gc.ca|qPDF|s14,205 KB|uhttps://publications.gc.ca/collections/collection_2015/aac-aafc/A15-1208-1961-eng.pdf |